000 00473nmm a2200157Ia 4500
008 251105s9999||||xx |||||||||||||||||und||
020 _a9789972428722
041 _aspa
100 _aPásara, Luis
245 0 _aPerú en el siglo XXI
264 _a[Lima, Peru] :
_bPontificia Universidad Católica de Perú,
_c2008
300 _a440 páginas
650 _aHistory of the Americas: Latin America
856 _uhttps://public.digitaliapublishing.com/a/9783
942 _cCF
999 _c97885
_d97885